| 000 | 00740cam a22002534a 4500 | ||
|---|---|---|---|
| 003 | UPN | ||
| 005 | 20220607063616.0 | ||
| 008 | 090127s2006 es a r 000 f spa d | ||
| 020 | _a8426359620 | ||
| 035 | _aUPN01000168583 | ||
| 040 |
_aUPN _bspa _cUPN |
||
| 049 | _aCG | ||
| 050 | 4 |
_aPQ6657 O4.3 _bT3.7 2006 |
|
| 100 | 1 |
_aGómez Cerdá, Alfredo, _d1951- _931112 |
|
| 245 | 1 | 3 |
_aEl tesoro del barco fantasma / _cAlfredo Gómez Cerdá ; il. Jordi Vila Delclós. |
| 250 | _a2a ed. | ||
| 260 |
_aZaragoza , Esp. : _bEdelvives, _c2006. |
||
| 300 |
_a181 p. : _bil. |
||
| 490 | 0 |
_aAla delta ; _v54 |
|
| 650 | 2 |
_aNovela policiaca y de misterio _98409 |
|
| 650 | 0 |
_aNovela juvenil española _943377 |
|
| 905 | _aLibro | ||
| 942 |
_2lcc _cLIBRO |
||
| 999 |
_c140689 _d140689 |
||